Klasifikace podle finančních rizik
Inštitúcie, zaoberajúce sa ratingom krajín podľa rizikovosti a dôveryhodnosti. Rizikové faktory, ktoré musia medzinárodné banky zvažovať pri poskytovaní strednodobých úverov. Model použitý k ratingu rizík. Rating rizík u strednodobých úverov, stupnica a skladba komponentov. Postup, pri hodnotení ost...
Salvato in:
| Autore principale: | |
|---|---|
| Natura: | Capitolo di libro |
| Lingua: | ceco |
| Soggetti: | |
| Tags: |
Nessun Tag, puoi essere il primo ad aggiungerne!!
|
MARC
| LEADER | 00000naa a2200000 4500 | ||
|---|---|---|---|
| 001 | r015400 | ||
| 005 | 20221213082651.2 | ||
| 041 | 0 | |a cze | |
| 044 | |a CZ | ||
| 245 | 1 | 0 | |a Klasifikace podle finančních rizik |c Slavoj Czesaný |
| 520 | |a Inštitúcie, zaoberajúce sa ratingom krajín podľa rizikovosti a dôveryhodnosti. Rizikové faktory, ktoré musia medzinárodné banky zvažovať pri poskytovaní strednodobých úverov. Model použitý k ratingu rizík. Rating rizík u strednodobých úverov, stupnica a skladba komponentov. Postup, pri hodnotení ostatných typov rizík. Kvantifikácia u politicko-hospodárskych rizík a krátkodobých obchodných rizík. Kategorizácia krajín v rámci ratingového modelu. Hodnotenie rizík v ČR za I. štvrťrok 1994. | ||
| 610 | 2 | 0 | |a rating |
| 610 | 2 | 0 | |a riziko |
| 610 | 2 | 0 | |a klasifikácia |
| 610 | 2 | 0 | |a úver |
| 610 | 2 | 0 | |a Česko |
| 610 | 2 | 0 | |a január-marec |
| 610 | 2 | 0 | |a 1994 |
| 100 | 1 | |a Czesaný, Slavoj | |